The pharaoh's treasure : the origin of paper and the rise of Western civilization /

For our entire history, humans have always searched for new ways to share information. This innate compulsion led to the origin of writing on the rock walls of caves and coffin lids or carving on tablets. But it was with the advent of papyrus paper when the ability to record and transmit information...

Full description

Saved in:

Main Author: Gaudet, John J. (Author)

Format: Book

Language: English

Published: New York : Pegasus Books, 2018.

Edition: First Pegasus Books cloth edition.

Subjects:

Tags: Add Tag

No Tags, Be the first to tag this record!

Call Number: Z110 .P36 G38

LEADER 04382nam a22004577a 4500
003 OSt
005 20260505053404.0
008 260505t2018 nyuabf b 001 0 eng d
020 |a 168177853X 
020 |a 9781681778532 
035 |a (OCoLC)1023547500 
040 |a YDX  |b eng  |e rda  |c YDX  |d BDX  |d GK8  |d NPC  |d SRC  |d JQM  |d OCLCF  |d CZA  |d GO4  |d IGA 
050 1 4 |a Z110 .P36  |b G38 
082 0 4 |a 676/.09  |2 23 
100 1 |a Gaudet, John J.,  |e author.  |0 http://id.loc.gov/authorities/names/n84042229 
245 1 4 |a The pharaoh's treasure :  |b the origin of paper and the rise of Western civilization /  |c John Gaudet. 
250 |a First Pegasus Books cloth edition. 
264 1 |a New York :  |b Pegasus Books,  |c 2018. 
300 |a xxi, 356 pages, 8 unnumbered pages of plates :  |b illustrations (some color), maps (some color) ;  |c 24 cm 
336 |a text  |b txt  |2 rdacontent  |0 http://id.loc.gov/vocabulary/contentTypes/txt 
337 |a unmediated  |b n  |2 rdamedia  |0 http://id.loc.gov/vocabulary/mediaTypes/n 
338 |a volume  |b nc  |2 rdacarrier  |0 http://id.loc.gov/vocabulary/carriers/nc 
504 |a Includes bibliographical references and index. 
505 0 |a Guardian of immortality. The inspector puts pen to paper and makes history ; Prisse, like Moses, carries home stone tablets and paper scrolls ; The undertaker's special and the world's first bestseller ; The book of the dead, guardian of immortality ; Papyrus paper, your ticket to paradise ; The sands of the Nile give up their treasures ; The affair of the oranges ; The floodgates open -- Egypt, papermaker to the world. The birth of Memphis and paper ; A gift from the gods ; The monopoly ; Growing and managing papyrus for paper ; The emperor and the lewd papermaker ; Taking on the world, and leaving a legacy -- The enemy of oblivion. Early libraries, paper, and the writing business ; A library to end all libraries and the sweet smell of history ; The Romans and the book trade ; Roman libraries ; Those precious, tender-hearted scrolls ; Saving the day ; Media one makes its mark in the world ; The last bastion, the church of Rome ; Constantinople and the long goodbye ; End of the road and the battle of the Talas river ; The myster of the disappearing plant ; The pharaoh's own conquers the Vatican ; The road back ; The road ahead. 
520 |a For our entire history, humans have always searched for new ways to share information. This innate compulsion led to the origin of writing on the rock walls of caves and coffin lids or carving on tablets. But it was with the advent of papyrus paper when the ability to record and transmit information exploded, allowing for an exchanging of ideas from the banks of the Nile throughout the Mediterranean--and the civilized world--for the first time in human history. In The Pharaoh's Treasure, John Gaudet looks at this pivotal transition to papyrus paper, which would become the most commonly used information medium in the world for more than 4,000 years. Far from fragile, papyrus paper is an especially durable writing surface; papyrus books and documents in ancient and medieval times had a usable life of hundreds of years, and this durability has allowed items like the famous Nag Hammadi codices from the third and fourth century to survive. The story of this material that was prized by both scholars and kings reveals how papyrus paper is more than a relic of our ancient past, but a key to understanding how ideas and information shaped humanity in the ancient and early modern world. 
650 0 |a Paper  |x History.  |0 http://id.loc.gov/authorities/subjects/sh2010105032 
650 0 |a Papermaking  |x History.  |0 http://id.loc.gov/authorities/subjects/sh2010105033 
650 0 |a Manuscripts (Papyri)  |x History. 
650 7 |a Manuscripts (Papyri)  |2 fast  |0 http://id.worldcat.org/fast/fst01008260 
650 7 |a Paper.  |2 fast  |0 http://id.worldcat.org/fast/fst01052348 
650 7 |a Papermaking.  |2 fast  |0 http://id.worldcat.org/fast/fst01052642 
650 4 |a HISTORY / Ancient / Egypt. 
650 4 |a HISTORY / Ancient / General. 
650 4 |a HISTORY / Civilization. 
650 7 |a HISTORY / Ancient / Egypt.  |2 bisacsh 
650 7 |a HISTORY / Civilization.  |2 bisacsh 
655 7 |a History.  |2 fast  |0 http://id.worldcat.org/fast/fst01411628 
903 |a HeVa 
942 |2 lcc  |c BK 
980 |a 40028610339  |b LIB2  |c Gen  |d JRL  |e YBP  |g 509533  |h 785627  |j 22.64  |l Cloth  |m 27.95  |q 1 
999 |c 62233  |d 62233